Sor Juana Inés de la Cruz / (Record no. 38797)

MARC details
000 -LEADER
campo de control de longitud fija 00705nam a2200193 i 4500
001 - NÚMERO DE CONTROL
campo de control 38797
003 - IDENTIFICADOR DE NÚMERO DE CONTROL
campo de control ES-MaACL
005 - FECHA Y HORA DE LA ÚLTIMA TRANSACCIÓN
campo de control 20250722183552.0
007 - CAMPO FIJO DE DESCRIPCIÓN FÍSICA--INFORMACIÓN GENERAL
campo de control de longitud fija t|
008 - DATOS DE LONGITUD FIJA--INFORMACIÓN GENERAL
campo de control de longitud fija 030226s1944 ag f |||| | spa d
100 1# - ENTRADA PRINCIPAL--NOMBRE DE PERSONA
Nombre de persona Campoamor, Clara,
Fechas asociadas al nombre 1888-1972
9 (RLIN) 34230
245 10 - MENCIÓN DEL TÍTULO
Título Sor Juana Inés de la Cruz /
Mención de responsabilidad, etc. Clara Campoamor.
260 ## - PUBLICACIÓN, DISTRIBUCIÓN, ETC.
Lugar de publicación, distribución, etc. Buenos Aires :
Nombre del editor, distribuidor, etc. Emecé,
Fecha de publicación, distribución, etc. [1944] (
Fabricante Platt, Prototipografía Publicitaria Argentina)
300 ## - DESCRIPCIÓN FÍSICA
Extensión 144 p., 4 lám. ;
Dimensiones 18 cm.
600 04 - PUNTO DE ACCESO ADICIONAL DE MATERIA--NOMBRE DE PERSONA
Nombre de persona Juana Inés de la Cruz,
Títulos y otros términos asociados al nombre Sor,
Fechas asociadas al nombre 1651-1695
9 (RLIN) 67141
852 ## - LOCALIZACIÓN
Ubicación ES-MaACL
Número de control de estantería C-46488
Nota libre . - Dedicatoria autógrafa de la autora "Con mis más afectuosos saludos, Clara Campoamor"
942 ## - ELEMENTOS DE ENTRADA SECUNDARIOS (KOHA)
Fuente del sistema de clasificación o colocación Clasificación decimal universal
Holdings
Estatus retirado Estado de pérdida Fuente del sistema de clasificación o colocación Estado de daño No para préstamo Colección Biblioteca de origen Biblioteca actual Ubicación en estantería Fecha de adquisición Número de control de estantería Total de préstamos Signatura topográfica completa Código de barras Fecha de vencimiento Visto por última vez Fecha del último préstamo Tipo de ítem Koha Nota pública
    Clasificación decimal universal     Libros con dedicatorias Biblioteca del Ateneo de Madrid Biblioteca del Ateneo de Madrid Depósito 2 17/01/2008 1 1 C-46488 1040853 26/10/2026 28/04/2026 28/04/2026 Libro impreso Dedicatoria autógrafa de la autora